The elements of marketing

Uloženo v:
Podrobná bibliografie
Hlavní autor: Converse, Paul D.
Médium: Kniha
Jazyk:Undetermined
Vydáno: New York Prentice-Hall, Inc. 1946
Témata:
Tagy: Přidat tag
Žádné tagy, Buďte první, kdo otaguje tento záznam!
Thư viện lưu trữ: Trung tâm Học liệu Trường Đại học Cần Thơ
LEADER 00444nam a2200169Ia 4500
001 CTU_79121
008 210402s9999 xx 000 0 und d
082 |a 658.8 
082 |b C766 
100 |a Converse, Paul D. 
245 4 |a The elements of marketing 
245 0 |c Paul D. Converse 
260 |a New York 
260 |b Prentice-Hall, Inc. 
260 |c 1946 
650 |a Marketing 
980 |a Trung tâm Học liệu Trường Đại học Cần Thơ